<?xml version="1.0" encoding="UTF-8"?>
<record
    xmlns:xsi="http://www.w3.org/2001/XMLSchema-instance"
    xsi:schemaLocation="http://www.loc.gov/MARC21/slim http://www.loc.gov/standards/marcxml/schema/MARC21slim.xsd"
    xmlns="http://www.loc.gov/MARC21/slim">

  <leader>00395nam a2200157Ia 4500</leader>
  <controlfield tag="008">220803s9999    xx            000 0 und d</controlfield>
  <datafield tag="020" ind1=" " ind2=" ">
    <subfield code="a">0 14 023005 X</subfield>
  </datafield>
  <datafield tag="041" ind1=" " ind2=" ">
    <subfield code="a">eng</subfield>
  </datafield>
  <datafield tag="082" ind1=" " ind2=" ">
    <subfield code="a">720.9 JEN</subfield>
  </datafield>
  <datafield tag="100" ind1=" " ind2=" ">
    <subfield code="a">Jencks C</subfield>
    <subfield code="9">9689</subfield>
  </datafield>
  <datafield tag="245" ind1=" " ind2=" ">
    <subfield code="a">Modern Movements In Architecture.</subfield>
  </datafield>
  <datafield tag="250" ind1=" " ind2=" ">
    <subfield code="a">2nd </subfield>
  </datafield>
  <datafield tag="260" ind1=" " ind2=" ">
    <subfield code="a">London</subfield>
    <subfield code="b">Penguin Books</subfield>
    <subfield code="c">1985</subfield>
  </datafield>
  <datafield tag="300" ind1=" " ind2=" ">
    <subfield code="a">446p</subfield>
  </datafield>
  <datafield tag="650" ind1=" " ind2=" ">
    <subfield code="a">History Of Architecture</subfield>
    <subfield code="9">9690</subfield>
  </datafield>
  <datafield tag="999" ind1=" " ind2=" ">
    <subfield code="c">8573</subfield>
    <subfield code="d">8573</subfield>
  </datafield>
  <datafield tag="952" ind1=" " ind2=" ">
    <subfield code="0">0</subfield>
    <subfield code="1">0</subfield>
    <subfield code="4">0</subfield>
    <subfield code="7">0</subfield>
    <subfield code="8">Book M arch LA</subfield>
    <subfield code="a">BNCA</subfield>
    <subfield code="b">BNCA</subfield>
    <subfield code="c">A5</subfield>
    <subfield code="d">1994-12-30</subfield>
    <subfield code="e">Veena Book Centre</subfield>
    <subfield code="g">286.00</subfield>
    <subfield code="l">0</subfield>
    <subfield code="o">720. JEN</subfield>
    <subfield code="p">BNCA-BK-141</subfield>
    <subfield code="r">2022-08-03 00:00:00</subfield>
    <subfield code="v">336.00</subfield>
    <subfield code="w">1994-12-30</subfield>
    <subfield code="y">BK</subfield>
    <subfield code="z">B000141</subfield>
  </datafield>
  <datafield tag="952" ind1=" " ind2=" ">
    <subfield code="0">0</subfield>
    <subfield code="1">0</subfield>
    <subfield code="4">0</subfield>
    <subfield code="7">0</subfield>
    <subfield code="8">Book M arch LA</subfield>
    <subfield code="a">BNCA</subfield>
    <subfield code="b">BNCA</subfield>
    <subfield code="c">J2</subfield>
    <subfield code="d">2006-03-01</subfield>
    <subfield code="e">Varma Book Depot</subfield>
    <subfield code="g">482.00</subfield>
    <subfield code="l">0</subfield>
    <subfield code="o">720.9 JEN</subfield>
    <subfield code="p">BNCA-BK-4912</subfield>
    <subfield code="r">2022-08-03 00:00:00</subfield>
    <subfield code="v">482.00</subfield>
    <subfield code="w">2006-03-01</subfield>
    <subfield code="y">BK</subfield>
    <subfield code="z">B004912</subfield>
  </datafield>
</record>
